Pakistan (Record no. 550928)
[ view plain ]
| 000 -LEADER | |
|---|---|
| fixed length control field | 00363nam a22001337a 4500 |
| 022 ## - INTERNATIONAL STANDARD SERIAL NUMBER | |
| International Standard Serial Number | 978-0-19-906438-0 |
| 082 ## - DEWEY DECIMAL CLASSIFICATION NUMBER | |
| Classification number | 954.91 |
| Author Mark | LOD |
| 100 ## - MAIN ENTRY--PERSONAL NAME | |
| Personal name | Lodhi, Maleeha |
| 9 (RLIN) | 17358 |
| 245 ## - TITLE STATEMENT | |
| Title | Pakistan |
| Remainder of title | Beyond the crisis state |
| 260 ## - PUBLICATION, DISTRIBUTION, ETC. | |
| Place of publication, distribution, etc. | Rawlpinid: |
| Name of publisher, distributor, etc. | Oxford Press; |
| Date of publication, distribution, etc. | 2012. |
| 300 ## - PHYSICAL DESCRIPTION | |
| Extent | xxv,391p. |
| Dimensions | 22cm. |
| 526 ## - STUDY PROGRAM INFORMATION NOTE | |
| Program name | 0 |
| Interest level | 0 |
| Reading level | 0 |
| Title point value | 954_910000000000000_LOD |
| 942 ## - ADDED ENTRY ELEMENTS (KOHA) | |
| Source of classification or shelving scheme | |
| Koha item type | Book |
| Withdrawn status | Lost status | Source of classification or shelving scheme | Damaged status | Not for loan | Permanent Location | Current Location | Date acquired | Total Checkouts | Total Renewals | Full call number | Barcode | Date last seen | Date last checked out | Price effective from | Koha item type |
|---|---|---|---|---|---|---|---|---|---|---|---|---|---|---|---|
| Military College of Engineering (MCE) | Military College of Engineering (MCE) | 11/27/2014 | 5 | 1 | 954.91 LOD | MCE-46253 | 10/15/2020 | 10/15/2020 | 11/27/2014 | Book |
